| 000 | 00517nam a2200181Ia 4500 | ||
|---|---|---|---|
| 003 | OSt | ||
| 005 | 20240919141426.0 | ||
| 008 | 210210b1958 xxu||||| |||| 00| 0 eng d | ||
| 040 | _cAL | ||
| 041 | _akan | ||
| 082 | _a859/1342 | ||
| 100 |
_aMALLARI _9159845 _dಮಲ್ಲಾರಿ |
||
| 245 |
_aBirudina kudureya hinde: _bಬಿರುದಿನ ಕುದುರೆಯ ಹಿಂದೆ |
||
| 260 |
_aDharavada _bSamaja Pustakalaya _c1958 |
||
| 690 |
_aKannada Fiction _9159846 |
||
| 906 | _a022079 | ||
| 942 |
_2ddc _cBK |
||
| 999 |
_c146185 _d146185 |
||